|
|
|
|
| LEADER |
00000naa2a2200000 4500 |
| 001 |
82750 |
| 005 |
20231031095841.0 |
| 035 |
|
|
|a (RuTPU)RU\TPU\book\88929
|
| 090 |
|
|
|a 82750
|
| 100 |
|
|
|a 20051006d2001 k y0rusy50 ca
|
| 101 |
0 |
|
|a rus
|
| 102 |
|
|
|a RU
|
| 200 |
1 |
|
|a Методика оценки уровня энергетической безопасности Свердловской области в нечётких условиях
|f А. Д. Шушакова
|
| 463 |
|
0 |
|0 (RuTPU)RU\TPU\book\73089
|t Т. 2
|v С. 117-118.
|d 2001
|p 144 с.
|
| 610 |
1 |
|
|a методики
|
| 610 |
1 |
|
|a оценка
|
| 610 |
1 |
|
|a безопасность
|
| 610 |
1 |
|
|a энергетическая безопасность
|
| 610 |
1 |
|
|a Свердловская область
|
| 610 |
1 |
|
|a нечёткие условия
|
| 610 |
1 |
|
|a труды учёных ТПУ
|
| 610 |
1 |
|
|a топливно-энергетические комплексы
|
| 700 |
|
1 |
|a Шушакова
|b А. Д.
|
| 801 |
|
1 |
|a RU
|b 63413507
|c 20051006
|g PSBO
|
| 801 |
|
2 |
|a RU
|b 63413507
|c 20100420
|g RCR
|
| 942 |
|
|
|c BK
|